Harry Potter Muggle Match Quiz Stats

 Plays Quiz Updated Mar 8, 2017

Support Sporcle.
Go Orange.
Score 0/30 Timer 06:00
0 Plays Today
% Correct
Daniel Radcliffe
94.8%
Rupert Grint
93.4%
Emma Watson
92.7%
Helena Bonham Carter
89.4%
Alan Rickman
89%
Robert Pattinson
88.2%
Tom Felton
87.1%
Maggie Smith
85%
Ralph Fiennes
81.9%
Bonnie Wright
78.1%
Gary Oldman
77.9%
Robbie Coltrane
74.4%
Emma Thompson
71.1%
Richard Harris
67.4%
John Cleese
65.5%
% Correct
Warwick Davis
65.3%
Julie Walters
64.4%
David Tennant
62.4%
Kenneth Branagh
61.5%
Jason Isaacs
60.8%
Imelda Staunton
57.5%
Timothy Spall
55.1%
David Thewlis
53.7%
Jim Broadbent
52.3%
Richard Griffiths
51.9%
Miranda Richardson
51.8%
Bill Nighy
50.2%
Brendan Gleeson
49.5%
Julie Christie
49.2%
Ciarán Hinds
34.7%

You're not logged in!

Compare scores with friends on all Sporcle quizzes.
OR
Log In
Forgot?

From the Vault

TV Timeline Minefield

by needapausebutton

Time to dust off that old time machine you have lying around the house.
Remove Ads.
Support Sporcle.
Get the best of Sporcle when you Go Orange. This ad-free experience offers more features, more stats, and more fun while also helping to support Sporcle. Thank you for becoming a member.

Show Comments

Extras

Top Quizzes Today


Score Distribution

Your Account Isn't Verified!

In order to create a playlist on Sporcle, you need to verify the email address you used during registration. Go to your Sporcle Settings to finish the process.

Report this User

Report this user for behavior that violates our Community Guidelines.

Details: